ბათუმის შოთა რუსთაველის სახელმწიფო უნივერსიტეტის ბიბლიოთეკა

Стилистика текста в коммуникативном аспекте (ბიბ.ჩანაწერი № 35224)

000 -LEADER
fixed length control field 00639nam a2200205Ia 4500
001 - CONTROL NUMBER
control field 1070
003 - CONTROL NUMBER IDENTIFIER
control field GE_BSU
008 - FIXED-LENGTH DATA ELEMENTS--GENERAL INFORMATION
fixed length control field 181216s||||||||xx |||||||||||||| ||und||
040 ## - CATALOGING SOURCE
Transcribing agency GE_BSU
080 ## - UNIVERSAL DECIMAL CLASSIFICATION NUMBER
Universal Decimal Classification number 811.161.1
245 ## - TITLE STATEMENT
Title Стилистика текста в коммуникативном аспекте
245 ## - TITLE STATEMENT
Remainder of title Межвузовский сборник научных трудов
260 ## - PUBLICATION, DISTRIBUTION, ETC.
Place of publication, distribution, etc. Пермь
260 ## - PUBLICATION, DISTRIBUTION, ETC.
Name of publisher, distributor, etc. Пермский гос. ун-т
260 ## - PUBLICATION, DISTRIBUTION, ETC.
Date of publication, distribution, etc. 1987
300 ## - PHYSICAL DESCRIPTION
Extent 168стр.
653 ## - INDEX TERM--UNCONTROLLED
Uncontrolled term Стилистика текста в коммуникативном аспекте
942 ## - ADDED ENTRY ELEMENTS (KOHA)
Koha item type წიგნი
ეგზემპლარები
Withdrawn status Lost status Damaged status Not for loan Date acquired Barcode Date last seen Price effective from Koha item type
        2018-12-17 1682 2018-12-17 2018-12-17 წიგნი